[Event "XIX Sant Marti Open 2017"]
[Site "Barcelona"]
[Date "2017.07.14"]
[Round "2.1"]
[White "Neffe, Axel"]
[Black "Peralta, Fernando"]
[Result "0-1"]
[WhiteElo "2257"]
[BlackElo "2564"]
[Annotator "TA"]
[PlyCount "84"]
[EventDate "2017.??.??"]
[EventType "swiss"]
[EventCountry "ESP"]
[SourceTitle "playchess.com"]
[Source "ChessBase"]
[SourceQuality "1"]

{[%evp 17,84,14,22,-27,-29,-47,-46,-40,-37,-51,0,-17,-15,-75,-67,-70,-43,-49,-47,-54,-33,-67,-29,-31,-25,-26,-27,-86,-61,-81,-56,-59,-56,-111,-101,-128,-106,-120,-116,-112,-95,-236,-167,-287,-275,-262,-199,-324,-308,-361,-347,-587,-573,-643,-439,-433,-428,-435,-446,-433,-398,-659,-650,-649,-649,-614,-598,-594,-596]} 1. e4 e6 2. d4 d5 3. Nc3 Nf6 4. Bg5 Bb4 5. e5 h6 6. Bc1 Ne4 7. Qg4 {C12: French: Classical System: McCutcheon Variation} g6 (7... g5 8. a3 Bxc3+ 9. bxc3 c5 10. Bd3 h5 11. Qh3 Nxc3 12. dxc5 Nc6 13. Qg3 Qa5 14. Bd2 Qxc5 15. Qxg5 {1-0 (80) Duda,J (2671)-Anton Guijarro,D (2627) Martuni 2016}) 8. Nge2 Nxc3 9. Nxc3 c5 {LiveBook: 6 Games} 10. dxc5 (10. a3 $5 {[%cal Ra3b4]} cxd4 11. axb4 dxc3 12. bxc3 $11) 10... Nc6 $146 ({Predecessor:} 10... Qa5 11. Bd2 Nc6 12. Rd1 Qxc5 13. a3 Bxc3 14. Bxc3 Bd7 {1-0 (40) Jones,S (2191)-Dilleigh,S (2074) Crawley 2016}) 11. a3 Bxc5 12. f4 a6 13. Bd3 Qe7 (13... h5 $15 14. Qg3 h4) 14. Bd2 Bd7 15. b4 (15. Ne2 $11 {keeps the balance.}) 15... Ba7 16. Ne2 Nd4 (16... g5 {seems wilder.} 17. g3 gxf4 18. gxf4 O-O-O 19. Bc3 Kb8) 17. Nxd4 {Black must now prevent c3.} Bxd4 18. c3 Ba7 19. Qe2 Rc8 20. h4 h5 21. a4 $1 Kf8 22. g4 (22. g3 $11) 22... Qe8 $17 23. b5 axb5 24. axb5 Bb6 $36 {[%cal Ba7b6,Bb6a5,Ba5d8][%mdl 2080] White is under pressure.} 25. g5 (25. gxh5 $15 Rxh5 26. Kf1) 25... Kg7 26. Kf1 {[#]} Rc5 $1 {[%cal Rd7b5]} 27. Rb1 {[#]} Ba5 $1 28. Rb3 Qc8 {[%cal Ra5c3]} 29. f5 (29. Kg2 $17) 29... gxf5 {[%cal Ra5c3]} 30. g6 (30. Kg2 {was necessary.}) 30... fxg6 $19 {[%cal Ra5c3]} 31. Rg1 Kf7 {[%cal Ra5c3]} 32. Rb1 (32. Qe3 {is a better defense.} Rg8 33. Qg5) 32... Bd8 33. Qg2 Rg8 34. Bg5 $2 (34. Qg3) 34... Rxc3 35. Be2 Bxg5 36. Qxg5 {If only White now had time for Qf6+....} Qd8 37. Qf4 Rh3 38. Rb4 Qe7 39. Rg5 $2 (39. Kg2 Ra3 40. Kh1) 39... Qc5 {Black is clearly winning.} 40. Kg2 Re3 41. Rb2 Qc3 {Threatens to win with ...Bxb5.} 42. Ra2 Qxe5 {Precision: White = 35%, Black = 62%.} 0-1

[Event "XIX Sant Marti Open 2017"]
[Site "Barcelona"]
[Date "2017.07.14"]
[Round "2.2"]
[White "Grigoryan, Karen H"]
[Black "Srijit Paul"]
[Result "1-0"]
[WhiteElo "2555"]
[BlackElo "2247"]
[Annotator "TA"]
[PlyCount "73"]
[EventDate "2017.??.??"]
[EventType "swiss"]
[EventCountry "ESP"]
[SourceTitle "playchess.com"]
[Source "ChessBase"]
[SourceQuality "1"]

{[%evp 9,73,58,46,29,31,36,43,1,10,0,9,0,0,20,52,13,17,14,15,4,14,8,42,20,62,70,136,47,55,50,89,96,201,181,227,171,185,173,323,309,304,321,316,306,577,557,737,737,729,719,866,1104,1096,1081,1444,1356,1400,1359,1083,1092,1036,1059,2013,1205,2006,1802]} 1. Nf3 f5 2. d3 Nf6 3. e4 d6 4. exf5 (4. Nc3 Nc6 5. exf5 Bxf5 6. d4 Nb4 7. Bb5+ c6 8. Ba4 g6 9. O-O Bg7 10. Ne2 O-O 11. Ng3 Bd7 {1-0 (37) Ding,L (2777)-Zhang,Z (2634) China 2016}) 4... Bxf5 5. d4 Qd7 {LiveBook: 9 Games} 6. Bd3 {A04: Unusual lines after 1 Nf3 and King's Indian Attack} Nc6 7. O-O e5 {Strongly threatening ...e4.} 8. Bxf5 {White is slightly better.} (8. Bb5 {feels hotter.} a6 9. Ba4 b5 10. Bb3 e4 11. Nh4) 8... Qxf5 9. c4 e4 10. Nh4 Qd7 $146 ({Predecessor:} 10... Qg4 11. Qxg4 Nxg4 {½-½ (29) Broeker,C (2110)-Alf,H (2074) GER email 2009}) 11. Nc3 O-O-O 12. f3 exf3 13. Nxf3 (13. Rxf3 d5 $15) 13... d5 $1 14. c5 {White wants to play b4.} Ne4 15. Ne2 (15. Ng5 $5 {[%cal Rg5f7]}) 15... Be7 {[#]} 16. b4 $1 {[%mdl 512]} Bf6 (16... Nxb4 $6 17. Ne5 $16) 17. b5 $36 {[%mdl 2048] White is pushing.} Nb8 (17... Na5 $14) 18. c6 (18. Rb1 $16) 18... bxc6 $14 19. bxc6 Qxc6 20. Bf4 {Hoping for Rc1.} Nd6 (20... Qa6 $16) 21. Rb1 {[%mdl 1024] White has strong compensation.} Nc4 22. Nc3 {Nb5 is the strong threat.} ({Inferior is} 22. Qb3 Nd7 $11) 22... a6 23. Qd3 $1 {aiming for Rfc1.} (23. Qb3 Nd7 $11) 23... Nd7 {[#]} (23... g5 {keeps fighting.}) 24. Rfc1 $1 $18 {Threatens to win with Nxd5!} (24. Qf5 g5 $16) 24... Ndb6 {[#]} 25. a4 $1 {[%cal Ba2a4,Ba4a5][%mdl 32]} g5 26. Bg3 ({Not} 26. Bxg5 Bxg5 27. Nxg5 Rhg8 $14) 26... g4 $2 (26... Rhe8 {is a better defense.} 27. a5 (27. Qxh7 Re7 $11) 27... Nd7 28. Nxd5 Qxd5 29. Rxc4 c5 30. Qxh7 Re7) 27. a5 {White is clearly winning.} gxf3 28. axb6 f2+ 29. Bxf2 cxb6 {[#]} 30. Nxd5 $1 {[%mdl 512]} Qxd5 31. Rxb6 Rd6 32. Rxc4+ Kd7 33. Qh3+ Ke8 34. Rxd6 Qxd6 35. Qh5+ Kf8 36. d5 Kg7 37. Bc5 {Precision: White = 71%, Black = 39%.} 1-0

[Event "XIX Sant Marti Open 2017"]
[Site "Barcelona"]
[Date "2017.07.14"]
[Round "2.3"]
[White "Chernyak, Viktoria"]
[Black "Henriquez Villagra, Cristobal"]
[Result "0-1"]
[WhiteElo "2251"]
[BlackElo "2532"]
[Annotator "TA"]
[PlyCount "90"]
[EventDate "2017.??.??"]
[EventType "swiss"]
[EventCountry "ESP"]
[SourceTitle "playchess.com"]
[Source "ChessBase"]
[SourceQuality "1"]

{[%evp 21,90,0,0,-60,-54,-112,-103,-129,-36,-44,-12,-9,-19,-20,-13,-20,-6,-20,-21,-196,-194,-200,-184,-204,-199,-204,-156,-165,-177,-147,-164,-171,-178,-166,-178,-170,-170,-156,-127,-218,-227,-245,-249,-289,-234,-270,-243,-232,-135,-283,-264,-272,-241,-273,-268,-348,-252,-1343,-1348,-1344,-1343,-1325,-1281,-1286,-1222,-1185,-1134,-5289,-5265,-2560,-2429]} 1. Nf3 d5 2. c4 d4 3. g3 g6 4. Bg2 Bg7 5. O-O e5 6. d3 Ne7 {[%cal Bg8e7,Be7c6,Bc6b4,Bb4d3][%mdl 32]} 7. b4 O-O 8. Nbd2 a5 9. b5 {A09: Réti Opening: 1 Nf3 d5 2 c4} c5 10. bxc6 Nexc6 11. Rb1 Na6 {LiveBook: 12 Games} 12. Qb3 $146 (12. Ne1 $11) ({Predecessor:} 12. Re1 h6 13. Bb2 Qc7 14. Ba1 Rb8 15. Rb5 Na7 16. Rb2 Bd7 {½-½ (30) Nepomniachtchi,I (2704)-Wen,Y (2609) Moscow 2016}) 12... Ncb4 $15 13. Re1 (13. Qa3 $15) 13... Nc5 $17 14. Qa3 {Black must now prevent Rxb4.} Bf5 (14... Bd7 $17 15. Rd1 Bc6) 15. Nb3 $15 {[#]} Ncxd3 $1 {[%mdl 512]} 16. exd3 Nxd3 17. Bg5 f6 18. Bd2 Rf7 $36 {[%mdl 2048] And now ...Bf8 would win. Black fights for an advantage.} 19. Bxa5 Qc8 20. Nfxd4 $2 {[#]} (20. c5 $11 {and White is okay.}) 20... Bf8 $1 $19 {[%cal Rf8a3]} (20... exd4 21. Bd5 $15) 21. c5 exd4 22. Bd5 Nxe1 23. Rxe1 {[#]} b6 $1 24. Nxd4 (24. Bxb6 Rxa3) 24... bxa5 25. Nxf5 gxf5 ({Stronger than} 25... Qxf5 26. Bxf7+ Kg7 27. Qb2 $11) 26. Qb3 Raa7 27. c6 Kg7 {Strongly threatening ...Rfe7.} 28. Bxf7 Rxf7 29. Qd5 a4 {[%cal Ba5a4,Ba4a3][%mdl 32]} 30. Rc1 (30. Rb1 $17) 30... Rc7 31. Rc4 a3 32. h3 Be7 33. g4 {[#]} f4 $1 34. Kg2 (34. Rxf4 Rxc6) 34... Qd8 (34... Qe8 $19 35. Re4 Qb8) 35. Qe4 (35. Qxd8 $17 Bxd8 36. Kf3) 35... Qd1 36. Rc3 Qd6 37. Kf3 h6 38. h4 Qd1+ 39. Kxf4 $2 (39. Kg2 Bd6 40. h5) 39... Bd6+ {Black is clearly winning.} 40. Ke3 Re7 41. Qxe7+ Bxe7 42. c7 Qe1+ 43. Kd3 Qb1+ 44. Rc2 Qd1+ 45. Rd2 Qf3+ {Precision: White = 25%, Black = 58%.} 0-1

[Event "XIX Sant Marti Open 2017"]
[Site "Barcelona"]
[Date "2017.07.14"]
[Round "2.4"]
[White "Asis Gargatagli, Hipolito"]
[Black "Mateus, Alejandro"]
[Result "1-0"]
[WhiteElo "2505"]
[BlackElo "2240"]
[Annotator "TA"]
[PlyCount "39"]
[EventDate "2017.??.??"]
[EventType "swiss"]
[EventCountry "ESP"]
[SourceTitle "playchess.com"]
[Source "ChessBase"]
[SourceQuality "1"]

{[%evp 10,39,51,33,47,46,47,44,47,35,39,45,217,204,214,129,461,480,790,792,1171,1153,29987,2073,1458,1482,29990,2488,29993,29993,29994,29995]} 1. e4 g6 2. d4 Bg7 3. Nf3 c6 4. h3 d5 5. e5 Nh6 6. c4 {LiveBook: 9 Games. B06: Modern Defence} f6 (6... Be6 7. Ng5 Bf5 8. Nc3 f6 9. Nf3 Be6 10. cxd5 Bxd5 11. Nxd5 Qxd5 12. exf6 exf6 13. Qc2 Qe6+ {1-0 (35) Bartel,M (2653)-Kuzmicz,K (2451) Warsaw 2011}) 7. exf6 $146 ({Predecessor:} 7. Nc3 O-O 8. Be2 e6 9. exf6 Qxf6 10. Bg5 Qf7 11. O-O Nd7 12. Qd3 Nf5 {1-0 (32) Narciso Dublan,M (2516)-Sama Salinas,H (2205) Montcada 2017}) 7... exf6 8. cxd5 {White is slightly better.} cxd5 9. Nc3 Be6 10. Qb3 b6 $2 (10... Qd7 $14) 11. Bb5+ $1 $18 Kf7 12. Bf4 {And now 0-0 would win.} Nf5 $2 {[%mdl 8192]} (12... a6 $16) 13. O-O g5 (13... Nd7 $142 14. Rae1 Nf8) 14. Rfe1 a6 15. Rxe6 Kxe6 {[#]} 16. Re1+ (16. Nxd5 $142 $1 {[%mdl 512]} Kf7 (16... Qxd5 17. Re1+) 17. Bc7 Kg6 18. Bxd8 axb5 19. Bc7 Na6 20. g4 Kh6 21. gxf5 Nxc7 22. Nxc7) 16... Kf7 17. Nxd5 Kg6 {[#]} 18. Bd3 (18. Bxg5 $142 $1 {[%mdl 512]} h6 {[#]} (18... fxg5 19. Ne7+) 19. Ne7+ $1 {[%mdl 512]} Qxe7 20. Rxe7 Nc6 21. Bxc6 Nxe7 22. Nh4+ Kh7 23. Be4+ f5 24. Nxf5) 18... gxf4 19. Nxf4+ Kh6 20. Qf7 {Precision: White = 55%, Black = 23%.} 1-0

[Event "XIX Sant Marti Open 2017"]
[Site "Barcelona"]
[Date "2017.07.14"]
[Round "2.5"]
[White "Deshmukh, Anup"]
[Black "Burmakin, Vladimir"]
[Result "1/2-1/2"]
[WhiteElo "2241"]
[BlackElo "2505"]
[Annotator "TA"]
[PlyCount "99"]
[EventDate "2017.??.??"]
[EventType "swiss"]
[EventCountry "ESP"]
[SourceTitle "playchess.com"]
[Source "ChessBase"]
[SourceQuality "1"]

{[%evp 18,99,50,59,53,44,89,85,102,85,115,107,120,103,102,65,101,91,90,95,120,107,117,83,86,73,80,80,73,80,83,72,79,71,92,69,83,73,103,95,92,0,107,106,132,133,132,132,132,129,130,126,127,133,156,136,136,130,134,129,125,131,168,175,205,186,183,148,212,119,115,122,127,74,211,41,39,61,47,36,64,64,34,48]} 1. c4 e6 2. Nc3 d5 3. d4 Be7 4. Bf4 Nf6 5. e3 O-O 6. Rc1 c6 7. Nf3 Nbd7 {[%cal Bb8d7,Bd7f8,Bf8g6][%mdl 32]} 8. h3 Re8 {D37: Queen's Gambit Declined: 5 Bf4} (8... a6 9. Be2 b6 10. O-O Bb7 11. Qb3 c5 12. cxd5 Nxd5 13. Bh2 b5 14. Ne4 Qb6 15. dxc5 Nxc5 16. Nxc5 Bxc5 {1-0 (74) Aronian,L (2803)-Wang,H (2735) Beijing 2013}) 9. Bd3 Nf8 10. O-O {LiveBook: 3 Games} Ng6 11. Bg3 Bd6 12. Ne5 dxc4 $146 ({Predecessor:} 12... Bxe5 13. dxe5 Nd7 14. f4 a6 15. Qe2 b5 16. cxb5 cxb5 {½-½ (24) Panait,M (2161)-Mateuta,G (2416) Bucharest 2001}) 13. Bxc4 {[%cal Bd3c4,Bc4b3,Bb3c2,Bc2e4][%mdl 32]} Nd5 14. Ne4 Be7 15. Bb3 Nf6 16. Qf3 Rf8 17. Nxf6+ Bxf6 18. Rfd1 Qe7 19. Bc2 Rd8 20. Be4 {[#] Threatens to win with Nxc6!} Bd7 21. a3 Be8 22. Nc4 Bh4 23. Bh2 f5 24. Bb1 Bf6 25. b4 Rac8 26. Ba2 Kh8 27. Bg3 Nf8 28. Be5 Ng6 29. Bg3 (29. Qg3 $16) 29... b6 (29... Nf8 $1 $11) 30. Bb3 $36 {[%mdl 2048] White has strong initiative.} Qf8 31. Ne5 Bxe5 32. dxe5 Qe7 33. e4 Rxd1+ 34. Rxd1 ({Reject} 34. Qxd1 $6 Rd8 $11) 34... fxe4 35. Qxe4 c5 36. Rd6 Nf8 37. Kh2 Bg6 38. Qe2 Bf5 39. bxc5 bxc5 40. Bc4 Qg5 41. Ra6 Qc1 42. a4 h6 (42... Rd8 $16 43. Rd6 (43. Rxa7 $2 Rd1 $19) 43... Rb8) 43. Rd6 (43. Rxa7 $18 Rd8 44. Bb3) 43... Rb8 $16 {[#] ...Rb1 is the strong threat.} 44. Bb5 $1 Ng6 45. Qd2 (45. Qd1 $142 Qxd1 46. Rxd1) 45... Qa1 (45... Qxd2 $16 {was called for.} 46. Rxd2 h5) 46. Rd8+ $2 ({Better is} 46. Qe3 $18) 46... Rxd8 $14 {White is slightly better.} 47. Qxd8+ Kh7 48. Be8 Nh8 49. Qc7 Qc1 $1 50. Qxa7 {Precision: White = 48%, Black = 42%.} 1/2-1/2

[Event "XIX Sant Marti Open 2017"]
[Site "Barcelona"]
[Date "2017.07.14"]
[Round "2.6"]
[White "Cuartas, Jaime Alexander"]
[Black "Capellades Subirana, Marc"]
[Result "1-0"]
[WhiteElo "2501"]
[BlackElo "2237"]
[Annotator "TA"]
[PlyCount "89"]
[EventDate "2017.??.??"]
[EventType "swiss"]
[EventCountry "ESP"]
[SourceTitle "playchess.com"]
[Source "ChessBase"]
[SourceQuality "1"]

{[%evp 13,89,51,53,49,46,41,46,51,61,43,115,115,106,57,50,53,163,159,170,182,172,75,70,70,82,68,88,77,59,50,52,0,15,17,112,109,112,109,116,111,128,135,140,115,114,110,161,156,158,154,145,127,136,135,134,121,179,159,195,170,357,346,329,338,679,668,762,816,766,730,625,570,1059,1050,938,833,682,648]} 1. e4 e5 2. Nf3 Nc6 3. Bb5 a6 4. Ba4 g6 5. c3 Bg7 (5... d6 6. d4 Bd7 7. dxe5 Nxe5 8. Nxe5 dxe5 9. Be3 Nf6 10. Nd2 b5 11. Bb3 Bd6 12. Qf3 h6 13. a4 Rb8 14. axb5 axb5 15. O-O {1-0 (36) Sutovsky,E (2650)-Rodshtein,M (2701) Poikovsky 2017}) 6. d4 {C70: Ruy Lopez: 3...a6 4 Ba4, Norwegian and Delayed Schliemann} Nge7 7. d5 Na5 {LiveBook: 3 Games} 8. Nbd2 {White is slightly better.} b5 9. Bc2 d6 10. h4 $146 ({Predecessor:} 10. b4 Nb7 11. a4 Bd7 12. Qe2 O-O 13. O-O {½-½ (64) Alsina Leal,D (2533)-Capellades Subirana,M (2181) Vilanova i la Geltru 2017}) 10... h6 11. h5 Bg4 (11... g5 $14) 12. hxg6 $16 Nxg6 13. Bd3 Nf4 14. Bf1 O-O (14... f5 $14) 15. g3 $18 Nxd5 16. exd5 e4 17. Bh3 ({And not} 17. Nxe4 Re8 $11) (17. Rh4 $1 $18 {[%cal Rh4g4] has better winning chances.} Bxf3 18. Nxf3 exf3 19. Qxf3) 17... Bxh3 $16 18. Rxh3 {Hoping for Nd4.} exf3 19. Nxf3 Re8+ 20. Kf1 Qf6 21. Bf4 Nc4 22. Qc2 ({White should play} 22. b3 $1 $14 Nb6 23. Rh5) 22... Qg6 23. Rc1 Ne5 (23... Rac8 $11 {remains equal.}) 24. Nxe5 Qxc2 25. Rxc2 dxe5 26. Bxh6 Rad8 27. c4 Rd6 28. Bxg7 Kxg7 {[%mdl 4096] Endgame KRR-KRR} 29. Rh4 c6 {[#]} (29... bxc4 $16 30. Rhxc4 (30. Rcxc4 Rxd5 31. Rhg4+ Kf6 $16) 30... Rxd5 31. Rxc7 Red8) 30. dxc6 $1 $18 Rxc6 31. c5 Rd8 32. Re4 Rd5 33. b4 {[%cal Bb2b4,Bb4a5][%mdl 32]} f5 34. Ree2 Kf6 (34... a5 $16) 35. Red2 Ke6 36. Ke2 a5 $2 {[#]} (36... Rxd2+ 37. Kxd2 (37. Rxd2 a5 $16) 37... Kd7) 37. Rxd5 $1 ({Less strong is} 37. bxa5 Rdxc5 38. Rxc5 Rxc5 $16) 37... Kxd5 38. bxa5 {KR-KR} b4 $2 (38... Ke6 39. Ke3 Kd7) 39. f3 {White is clearly winning.} e4 40. Ke3 exf3 41. Kxf3 Ke5 42. Rc4 Kd5 43. Rxb4 Kxc5 {[#]} 44. Rb6 $1 Rc8 (44... Rxb6 45. axb6) 45. Rf6 {Precision: White = 71%, Black = 26%.} 1-0

[Event "XIX Sant Marti Open 2017"]
[Site "Barcelona"]
[Date "2017.07.14"]
[Round "2.7"]
[White "Glimbrant, Torbjorn"]
[Black "Himanshu, Sharma"]
[Result "0-1"]
[WhiteElo "2238"]
[BlackElo "2498"]
[Annotator "TA"]
[PlyCount "66"]
[EventDate "2017.??.??"]
[EventType "swiss"]
[EventCountry "ESP"]
[SourceTitle "playchess.com"]
[Source "ChessBase"]
[SourceQuality "1"]

{[%evp 10,66,11,0,14,-14,19,-75,-31,-32,-12,-12,-7,-19,-13,-19,-8,-16,-16,-35,0,-3,-14,-18,-13,-11,0,-2,0,0,0,0,0,0,0,-47,0,-46,0,-83,-79,-83,-83,-87,-76,-209,-77,-122,-121,-219,-128,-123,-115,-128,-95,-718,-695,-5181,-2271]} 1. d4 Nf6 2. Nf3 d5 3. c4 e6 4. Nc3 Nbd7 5. e3 a6 6. Qc2 {LiveBook: 4 Games. D37: Queen's Gambit Declined: 5 Bf4} (6. b3 b6 7. Bb2 Bb7 8. Bd3 Bd6 9. O-O O-O 10. a4 a5 11. Rc1 Rc8 12. cxd5 Nxd5 13. Nb5 Nb4 14. Bb1 Be7 15. e4 Ba6 16. Re1 c6 17. Nc3 Nf6 {0-1 (53) Anton Guijarro,D (2650)-Vitiugov,N (2726) Tallinn 2016}) 6... Be7 7. Bd2 O-O 8. e4 $146 (8. c5 $11) ({Predecessor:} 8. Bd3 dxc4 9. Bxc4 b5 10. Bd3 c5 11. O-O Bb7 12. Ng5 h6 13. Nge4 cxd4 14. exd4 {0-1 (22) Rasstriguine,A (2105)-Petrov,A (2402) Taganrog 2013}) 8... dxe4 9. Nxe4 b6 10. Bd3 Bb7 11. O-O c5 12. Bc3 cxd4 13. Nxd4 Qc7 14. Rfe1 Nxe4 15. Bxe4 Bxe4 16. Rxe4 Bf6 17. Rd1 Rfd8 18. b3 Nc5 19. Ree1 Rd7 20. Ne2 Rad8 21. Bxf6 gxf6 22. Nc1 f5 (22... Qe5 $5 23. h3 a5 $15) 23. h3 Qf4 24. Rxd7 (24. Ne2 $1 $11 {remains equal.} Qe4 25. Qc1) 24... Rxd7 $40 {[%mdl 128] Black goes for the king.} 25. Ne2 Qd2 26. Qc1 a5 27. Kf1 (27. Nc3 $17) 27... h6 (27... Qxa2 $19 {is more deadly.} 28. Qg5+ Kf8 29. Qh6+ Ke8 30. Qxh7 Qxb3 31. Qg8+ Ke7 32. Qg5+ f6 33. Qg7+ Kd6 34. Qxf6 Qxc4) 28. Qa1 Kh7 29. g4 (29. Qb1 $17 {might work better.}) 29... fxg4 (29... Ne4 $19 {And now ...Rd3 would win.} 30. Kg2 Rd3) 30. hxg4 Qg5 {[#] White must now prevent ...Nd3.} 31. Qb1+ Kg8 32. f3 $2 {[%mdl 8192]} (32. Rd1 $17) 32... Nd3 $19 33. Rd1 Qe3 {Precision: White = 27%, Black = 36%.} 0-1

[Event "XIX Sant Marti Open 2017"]
[Site "Barcelona"]
[Date "2017.07.14"]
[Round "2.8"]
[White "Frayna, Janelle Mae"]
[Black "Rios, Cristhian Camilo"]
[Result "1/2-1/2"]
[WhiteElo "2235"]
[BlackElo "2477"]
[Annotator "TA"]
[PlyCount "76"]
[EventDate "2017.??.??"]
[EventType "swiss"]
[EventCountry "ESP"]
[SourceTitle "playchess.com"]
[Source "ChessBase"]
[SourceQuality "1"]

{[%evp 11,76,36,36,30,36,29,31,43,78,65,79,30,41,48,120,19,12,2,2,0,0,0,0,0,0,0,0,0,0,-7,2,-7,0,0,0,-10,-8,-8,-8,-8,-8,-12,-8,-17,-17,-17,-17,-17,-13,-17,-6,-8,-7,-7,0,0,0,0,0,0,0,0,0,-10,-10,-14,0]} 1. e4 {[%cal Be2e4,Be4e5][%mdl 32]} c5 2. Nf3 e6 3. g3 Nf6 (3... Nc6 4. Bg2 d5 5. exd5 exd5 6. O-O Nf6 7. d4 Be7 8. dxc5 O-O 9. Nbd2 Bxc5 10. Nb3 Bb6 11. c3 Ne4 12. Be3 Bxe3 13. fxe3 {½-½ (50) Tomashevsky,E (2716)-Najer,E (2679) Doha 2016}) 4. e5 Nd5 5. Bg2 Nc6 6. O-O {B40: Sicilian: 2...e6, Unusual lines} Be7 {LiveBook: 10 Games} 7. d4 cxd4 8. Nxd4 {White is slightly better.} Nxe5 $146 ({Predecessor:} 8... Nxd4 9. Qxd4 Qb6 10. Qg4 Bf8 11. Rd1 f5 12. Qh5+ g6 13. Qe2 {1-0 (22) Signes Almodovar,S-Weiss,F LSS email 2006}) 9. Re1 Nc6 10. Bxd5 $1 exd5 11. Nc3 (11. Bg5 $5 f6 12. Bf4 $16) 11... O-O $1 12. Nxd5 Bc5 {[#]} 13. Nb3 (13. Nf5 $1 $16 {Hoping for Qg4.} d6 14. Nfe7+ Kh8 15. Bg5 (15. Nxc8 Qxc8 16. Bf4 Qf5 $11)) 13... d6 $11 {The position is equal.} 14. Bf4 Bf5 15. c3 Qd7 16. Nxc5 dxc5 17. Ne7+ Nxe7 18. Qxd7 Bxd7 19. Rxe7 Bc6 20. Bc7 Rac8 21. f4 b6 22. Rd1 f6 23. Kf2 Rf7 24. Rd8+ Rxd8 25. Bxd8 Kf8 26. Rxf7+ Kxf7 {[%mdl 4096] Endgame KB-KB} 27. f5 Ke8 28. Bc7 Kd7 29. Bf4 Be4 30. g4 Kc6 31. Ke3 Bb1 32. a3 Kd5 33. Bb8 a6 34. Bc7 b5 35. Bd8 h5 36. gxh5 {[#] Black must now prevent Kf4.} Bxf5 37. h6 gxh6 38. Bxf6 h5 {Precision: White = 58%, Black = 72%.} 1/2-1/2

[Event "XIX Sant Marti Open 2017"]
[Site "Barcelona"]
[Date "2017.07.14"]
[Round "2.9"]
[White "Vergara Jofre, Felipe"]
[Black "Arvola, Benjamin"]
[Result "0-1"]
[WhiteElo "2234"]
[BlackElo "2469"]
[Annotator "TA"]
[PlyCount "52"]
[EventDate "2017.??.??"]
[EventType "swiss"]
[EventCountry "ESP"]
[SourceTitle "playchess.com"]
[Source "ChessBase"]
[SourceQuality "1"]

{[%evp 18,52,2,7,6,6,6,0,0,0,0,-8,18,6,0,18,39,24,31,0,0,0,0,0,-25,-16,0,0,0,-561,-513,-552,-569,-550,-523,-731,-730]} 1. e4 e5 2. Nf3 Nc6 3. Bc4 Bc5 4. c3 Nf6 5. d3 d6 6. a4 {C54: Giuoco Piano: 4 c3 Nf6, main lines with 5 d4 and 5 d3} a6 7. O-O Ba7 8. Na3 Ne7 9. Nc2 O-O 10. Be3 {LiveBook: 6 Games} Bxe3 11. Nxe3 Ng6 12. Qc2 $146 ({Predecessor:} 12. a5 Ng4 13. h3 Nxe3 14. fxe3 Qe7 {1-0 (38) Carlsen,M (2855)-Anand,V (2770) Leuven 2016}) 12... c6 13. b4 d5 14. Bb3 Ng4 15. Rae1 {[%cal Re4d5]} dxe4 16. dxe4 Qf6 17. a5 Nf4 18. Nd2 {[%cal Bf3d2,Bd2c4,Bc4e3][%mdl 32]} Qg5 {Strongly threatening ...Nxe3.} 19. Ndc4 Be6 20. Nxg4 Bxg4 21. f3 $1 {[%cal Rf3g4]} Bh3 $40 {[%cal Rh3g2][%mdl 128] Black is up to no good.} 22. Ne3 Rad8 23. Kh1 $2 {[%mdl 8192] [#]} (23. Rd1 $11 {and White stays safe.}) 23... Nxg2 $1 $19 {[%mdl 512] Black is clearly winning.} 24. Rg1 {And now Qc1 would win.} (24. Nxg2 Rd2) 24... Nxe1 (24... Nxe3 $2 25. Rxg5 Nxc2 26. Bxc2 $19) 25. Rxe1 Qf4 26. Qf2 Rd3 {Precision: White = 35%, Black = 88%.} 0-1

[Event "XIX Sant Marti Open 2017"]
[Site "Barcelona"]
[Date "2017.07.14"]
[Round "2.10"]
[White "Zubritskiy, Artyom"]
[Black "Mendonca, Leon Luke"]
[Result "1/2-1/2"]
[WhiteElo "2442"]
[BlackElo "2222"]
[Annotator "TA"]
[PlyCount "79"]
[EventDate "2017.??.??"]
[EventType "swiss"]
[EventCountry "ESP"]
[SourceTitle "playchess.com"]
[Source "ChessBase"]
[SourceQuality "1"]

{[%evp 16,79,-3,-3,0,0,0,0,0,0,0,-1,-6,-6,-9,-6,-4,-6,0,0,0,-13,2,2,0,5,0,1,4,0,0,0,0,0,0,0,0,0,0,0,0,0,0,0,0,0,0,0,0,0,0,0,0,0,0,0,0,0,0,0,0,0,0,0,0,0]} 1. b4 {[%cal Bb2b4,Bb4b5][%mdl 32]} Nf6 2. Bb2 e6 3. b5 d5 4. e3 Be7 5. Nf3 O-O 6. c4 a6 {A00: Irregular Openings} 7. a4 axb5 (7... dxc4 8. Bxc4 axb5 9. axb5 Rxa1 10. Bxa1 c6 11. O-O cxb5 12. Bxb5 Bd7 13. Nc3 Bxb5 14. Nxb5 {1-0 (55) Paichadze,L (2559)-Javakhishvili,L (2486) Lagodekhi 2016}) 8. axb5 Rxa1 9. Bxa1 {LiveBook: 3 Games. The position is equal.} c5 10. Be2 Nbd7 11. O-O b6 12. Qc2 $146 ({Predecessor:} 12. d3) 12... Bb7 13. d3 Qc7 14. Nbd2 Ra8 15. h3 Ne8 16. Rc1 Bf6 17. d4 cxd4 18. Nxd4 Rc8 (18... Nc5 {with more complications.} 19. Bf3 e5 20. N4b3 e4 21. Be2 Nxb3 22. Nxb3 Bxa1 23. Rxa1 Rxa1+ 24. Nxa1 dxc4 25. Bxc4 Nd6) 19. cxd5 Qxc2 20. Rxc2 Rxc2 21. Nxc2 {White wants to play dxe6.} Bxd5 22. Bxf6 Ndxf6 23. f3 e5 24. Nb4 (24. e4 $5 {[%cal Re4d5]} Be6 25. Bc4 $11) 24... Nd6 25. Nb1 Bc4 26. Bxc4 Nxc4 $11 {[%mdl 4096] Endgame KNN-KNN} 27. Kf2 Ne8 28. Nc3 Ned6 29. Nbd5 Na3 30. Nxb6 Naxb5 31. Nxb5 Nxb5 {KN-KN} 32. Nc4 f6 33. f4 exf4 34. exf4 Kf7 35. g4 Ke6 36. Ke3 Kd5 37. Nb6+ Kc6 38. Nc8 Kd7 39. Nb6+ Kc6 40. Nc8 {Precision: White = 87%, Black = 90%.} 1/2-1/2